000 00782nam a2200193 i 4500
001 20050
003 ES-MaACL
005 20250831121724.0
007 t|
008 021121s1880 sp |||| | spa d
110 2 _aAsociación para la Reforma de los Aranceles de Aduanas
_91779
245 1 0 _aMeeting libre-cambista sobre la producción vinícola y el comercio internacional
_b: (celebrado en el Teatro Real de Madrid el 14 de noviembre de 1880) /
_c[Asociación para la Reforma de los Aranceles de Aduanas].
260 _aMadrid :
_b[s.n.],
_c1880 (
_fImp. de Enrique de la Riva)
300 _a61 p. ;
_c21 cm.
650 4 _aAranceles de aduanas-
_zEspaña-
_yS.XIX.
_99930
852 _aES-MaACL
_jFol-Laf-365
852 _aES-MaACL
_jT-372-F-3
999 _c20050
_d20050